00452nam a22001457a 450000500170000002000260001708200190004310000170006224500690007925000110014826000460015927000600020530000190026570000220028420231005130443.0 a9788194875482c325.00 a332.6422First aDaga, Shikha aInvesting in Stock Markets/cby Shikha Daga and Anuradha Agarwal aFirst  aNew DelhibJSR Publishing House LLPc2023 aWZ 61/8A, Vashisth Park, Pankha RoadbNew Delhie110046 avp.b23cm(pbk) aAgarwal, Anuradha